Paper Stories - Paper and Book History in Early Modern Europe.

The series Material Text Cultures is the publication organ of the Collaborative Research Center 933 of the same name at Heidelberg University, funded by the German Research Foundation (DFG). The series publishes collections and monographs dedicated to the Collaborative Research Center's main fo...

Full description

Bibliographic Details
Main Author: Hufnagel, Silvia.
Other Authors: Sigurðardóttir, Þórunn., Ólafsson, Davíð.
Format: eBook
Language:English
Published: Berlin/Boston : Walter de Gruyter GmbH, 2023.
Edition:1st ed.
Series:Materiale Textkulturen Series
Subjects:
Online Access:Click to View
LEADER 02043nam a22004093i 4500
001 EBC30455238
003 MiAaPQ
005 20231204023230.0
006 m o d |
007 cr cnu||||||||
008 231204s2023 xx o ||||0 eng d
020 |a 9783111162768  |q (electronic bk.) 
035 |a (MiAaPQ)EBC30455238 
035 |a (Au-PeEL)EBL30455238 
035 |a (OCoLC)1378174710 
040 |a MiAaPQ  |b eng  |e rda  |e pn  |c MiAaPQ  |d MiAaPQ 
082 0 |a 002.09409031 
100 1 |a Hufnagel, Silvia. 
245 1 0 |a Paper Stories - Paper and Book History in Early Modern Europe. 
250 |a 1st ed. 
264 1 |a Berlin/Boston :  |b Walter de Gruyter GmbH,  |c 2023. 
264 4 |c ©2023. 
300 |a 1 online resource (460 pages) 
336 |a text  |b txt  |2 rdacontent 
337 |a computer  |b c  |2 rdamedia 
338 |a online resource  |b cr  |2 rdacarrier 
490 1 |a Materiale Textkulturen Series ;  |v v.38 
520 |a The series Material Text Cultures is the publication organ of the Collaborative Research Center 933 of the same name at Heidelberg University, funded by the German Research Foundation (DFG). The series publishes collections and monographs dedicated to the Collaborative Research Center's main focus of research - that is, the materiality and presence of writing in non-typographic societies. 
588 |a Description based on publisher supplied metadata and other sources. 
590 |a Electronic reproduction. Ann Arbor, Michigan : ProQuest Ebook Central, 2023. Available via World Wide Web. Access may be limited to ProQuest Ebook Central affiliated libraries.  
655 4 |a Electronic books. 
700 1 |a Sigurðardóttir, Þórunn. 
700 1 |a Ólafsson, Davíð. 
776 0 8 |i Print version:  |a Hufnagel, Silvia  |t Paper Stories - Paper and Book History in Early Modern Europe  |d Berlin/Boston : Walter de Gruyter GmbH,c2023 
797 2 |a ProQuest (Firm) 
830 0 |a Materiale Textkulturen Series 
856 4 0 |u https://ebookcentral.proquest.com/lib/matrademy/detail.action?docID=30455238  |z Click to View